LEADER 04090nam 2200757Ia 450 001 9910451712503321 005 20200520144314.0 010 $a0-19-756181-0 010 $a1-280-53137-1 010 $a0-19-803274-9 010 $a1-4294-0224-5 035 $a(CKB)1000000000465701 035 $a(EBL)281474 035 $a(OCoLC)476026737 035 $a(SSID)ssj0000180356 035 $a(PQKBManifestationID)11923047 035 $a(PQKBTitleCode)TC0000180356 035 $a(PQKBWorkID)10149750 035 $a(PQKB)11016617 035 $a(MiAaPQ)EBC281474 035 $a(StDuBDS)EDZ0002351124 035 $a(Au-PeEL)EBL281474 035 $a(CaPaEBR)ebr10272875 035 $a(CaONFJC)MIL53137 035 $a(OCoLC)466433597 035 $a(EXLCZ)991000000000465701 100 $a20001208d2002 uy 0 101 0 $aeng 135 $aur|n|---||||| 181 $ctxt 182 $cc 183 $acr 200 00$aIntegrating geographic information systems and agent-based modeling techniques for simulating social and ecological processes$b[electronic resource] /$feditor, H. Randy Gimblett 210 $aOxford ;$aNew York $cOxford University Press$d2002 215 $a1 online resource (342 p.) 225 1 $aSanta Fe Institute studies in the sciences of complexity 300 $aDescription based upon print version of record. 311 $a0-19-514337-X 311 $a0-19-514336-1 320 $aIncludes bibliographical references and index. 327 $aContents; Preface; 1 Integrating Geographic Information Systems and Agent-Based Technologies for Modeling and Simulating Social and Ecological Phenomena; 2 Providing a Broad Spectrum of Agents in Spatially Explicit Simulation Models: The Gensim Approach; 3 Spatial Units as Agents: Making the Landscape an Equal Player in Agent-Based Simulations; 4 Geographic Information Systems and Agent-Based Modeling; 5 Management Application of an Agent-Based Model: Control of Cowbirds at the Landscape Scale 327 $a6 Integrating Spatial Data into an Agent-Based Modeling System: Ideas and Lessons from the Development of the Across-Trophic-Level System Simulation7 Models of Individual Decision Making in Agent-Based Simulation of Common-Pool-Resource Management Institutions; 8 An Agent-Based Approach to Environmental and Urban Systems within Geographic Information Systems; 9 Mobile Agents with Spatial Intelligence; 10 Simulating Wildland Recreation Use and Conflicting Spatial Interactions using Rule-Driven Intelligent Agents 327 $a11 An Intelligent Agent-Based Model for Simulating and Evaluating River Trip Scenerios along the Colorado River in Grand Canyon National Park12 Agent-Based Simulations of Household Decision Making and Land Use Change near Altamira, Brazil; Index 330 8 $aThis volume presents a set of coherent, cross-referenced perspectives on incorporating the spatial representation and analytical power of GIS with agent-based modelling of evolutionary and non-linear processes and phenomena. 410 0$aProceedings volume in the Santa Fe Institute studies in the sciences of complexity. 606 $aHuman geography$xMathematical models 606 $aHuman ecology$xMathematical models 606 $aSocial ecology$xMathematical models 606 $aRegional planning$xMathematical models 606 $aGeographic information systems 608 $aElectronic books. 615 0$aHuman geography$xMathematical models. 615 0$aHuman ecology$xMathematical models. 615 0$aSocial ecology$xMathematical models. 615 0$aRegional planning$xMathematical models. 615 0$aGeographic information systems. 676 $a304.2 676 $a304.2015118 701 $aGimblett$b H. Randal$g(Howard Randal)$0950546 801 0$bMiAaPQ 801 1$bMiAaPQ 801 2$bMiAaPQ 906 $aBOOK 912 $a9910451712503321 996 $aIntegrating geographic information systems and agent-based modeling techniques for simulating social and ecological processes$92149197 997 $aUNINA LEADER 03265nam 22007334a 450 001 9910969213503321 005 20081112111857.0 010 $a9786613023278 010 $a9780822340492 010 $a0822340496 010 $a9781283023276 010 $a128302327X 024 7 $a10.1515/9780822390121 035 $a(CKB)2440000000014164 035 $a(EBL)1170455 035 $a(OCoLC)271168176 035 $a(SSID)ssj0000394576 035 $a(PQKBManifestationID)11257406 035 $a(PQKBTitleCode)TC0000394576 035 $a(PQKBWorkID)10388305 035 $a(PQKB)10602956 035 $a(MiAaPQ)EBC1170455 035 $a(OCoLC)1140943163 035 $a(MdBmJHUP)muse79523 035 $a271168176 035 $a(DE-B1597)553440 035 $a(DE-B1597)9780822390121 035 $a(Perlego)1457866 035 $a(EXLCZ)992440000000014164 100 $a20081112d2008 uy 0 101 0 $aeng 135 $aur|n|---||||| 181 $ctxt 182 $cc 183 $acr 200 12$aA revolution for our rights $eindigenous struggles for land and justice in Bolivia, 1880-1952 /$fLaura Gotkowitz 210 $aDurham $cDuke University Press$d2007 215 $a1 online resource (416 p.) 300 $aDescription based upon print version of record. 311 08$a9780822390121 311 08$a0822390124 311 08$a9780822340676 311 08$a0822340674 320 $aIncludes bibliographical references (p. [359]-384) and index. 327 $aThe peculiar paths of the liberal project -- Indigenista statecraft and the rise of the caciques apoderados -- "In our provinces there is no justice" : caciques apoderados and the crisis of the liberal project -- The problem of national unity : from the Chaco War to the 1938 Constitutional Convention -- The unruly countryside : defending land, labor rights, and autonomy -- The unwilling city : Villarroel populism and the politics of mestizaje -- "The disgrace of the Pongo and the Mitani" : the 1945 indigenous congress and a law against servitude -- "Under the dominion of the Indian" : the 1947 cycle of unrest -- Conclusion and epilogue : rethinking the rural roots of the 1952 revolution. 330 $aAnalyzes struggles over citizenship and nationhood in Bolivia, following the fate of subaltern projects for political inclusion and asking why ethnic/racial claims were more effectively incorporated into the revolutionary agenda than were gender demands. 410 0$ae-Duke books scholarly collection. 606 $aIndians of South America$zBolivia$zCochabamba (Dept.)$xGovernment relations 606 $aIndians of South America$xCivil rights$zBolivia$zCochabamba (Dept.) 606 $aSocial movements$zBolivia$xHistory$y20th century 607 $aBolivia$xHistory$yRevolution, 1952$xCauses 615 0$aIndians of South America$xGovernment relations. 615 0$aIndians of South America$xCivil rights 615 0$aSocial movements$xHistory 676 $a984.05/2 676 $a984.052 700 $aGotkowitz$b Laura$01257388 801 0$bMiAaPQ 801 1$bMiAaPQ 801 2$bMiAaPQ 906 $aBOOK 912 $a9910969213503321 996 $aA revolution for our rights$94355342 997 $aUNINA